Szczegóły MARC21

Dynamic disequilibrium modeling : theory and applications : proceedings of the Niinth International Symposium in Economic Theory and Econometrics /

003 -Nazwa inst., której nr kontr. jest w polu 001 [,]
    • @
    • Nazwa instytucji, której n kontrolny jest w polu 001
    • NUKAT
005 -DATA I CZAS OSTATNIEJ MODYFIKACJI [,]
    • @
    • pole kontrolne
    • 20241231112121.0
020 -Międzynarod. znormalizowany nr książki - ISBN [ , ]
    • a
    • Numer ISBN
    • 0521462754 Find
    • q
    • Dopowiedzenie
    • hc
020 -Międzynarod. znormalizowany nr książki - ISBN [ , ]
    • a
    • Numer ISBN
    • 9780521462754 Find
    • q
    • Dopowiedzenie
    • Hardback
020 -Międzynarod. znormalizowany nr książki - ISBN [ , ]
    • a
    • Numer ISBN
    • 9780521174978 Find
    • q
    • Dopowiedzenie
    • Paperback
040 -Instytucja sporządzająca opis [ , ]
    • a
    • Instytucja, która sporządziła opis (NP)
    • SZCZ U/AP
    • c
    • Instytucja, która sporządziła rekord (NP)
    • SZCZ U/AP
    • d
    • Instytucja, która zmodyfikowała rekord (P)
    • SZCZ U/KP
942 -Rodzaj dokumentu [ , ]
    • c
    • Rodzaj dokumentu
    • Książka
245 -Strefa tytułu i oznaczenia odpowiedzialności [0,0]
    • a
    • Tytuł
    • Dynamic disequilibrium modeling : Find
    • b
    • Ciąg dalszy tytułu (NP)
    • theory and applications : proceedings of the Niinth International Symposium in Economic Theory and Econometrics / Find
    • c
    • Pozostałe elementy strefy tytułu i oznaczenia odpowiedzialności (NP)
    • ed. by William A. Barnett, Giancarlo Gandolfo, Claude Hillinger.
250 -Strefa wydania [ , ]
    • a
    • Oznaczenie wydania (NP)
    • 1st papreback ed.
260 -Strefa adresu wydawniczego [ , ]
    • a
    • Miejsce wydania (P)
    • New York :
    • b
    • Nazwa wydawcy (P)
    • Cambridge Universty Press,
    • c
    • Data wydania (P)
    • 2011.
300 -Strefa opisu fizycznego [ , ]
    • a
    • Określenie formy książki i/lub objętość (NP)
    • XIV, 534 s. :
    • b
    • Oznaczenie ilustracji (NP)
    • il. ;
    • c
    • Format (NP)
    • 23 cm.
336 -Typ zawartości [ , ]
    • a
    • Termin opisujący typ zawartości
    • Tekst
    • b
    • Kod określający zawartość
    • txt
    • 2
    • Źródło (terminu i kodu)
    • rdacontent
337 -Typ mediów [ , ]
    • a
    • Tryb odtwarzania
    • Bez urządzenia pośredniczącego
    • b
    • Kod typu mediów
    • n
    • 2
    • Źródło (terminu i kodu)
    • rdamedia
338 -Typ/rodzaj nośnika [ , ]
    • a
    • Hasło opisujące typ nośnika
    • Wolumin
    • b
    • Kod typu nośnika
    • nc
    • 2
    • Źródło (terminu i kodu)
    • rdacarrier
490 -Strefa serii i książki wielotomowej - forma nie do wyszukiwania [1, ]
    • a
    • Tytuł (P)
    • International symposia in economic theory and econometrics Find
830 -Hasło dodatkowe serii i opisu książki wielotomowej - tytuł ujednolicony/tytuł [ ,0]
    • a
    • Tytuł ujednolicony/tytuł (NP)
    • International Symposia in Economic Theory and Econometrics
    • x
    • ISSN
    • 1571-0386
    • 9
    • KHW
    • 77985
500 -Uwaga ogólna [ , ]
    • a
    • Uwaga ogólna (NP)
    • The proceedings volume includes the most important papers presented at a conference held at the University of Munich on August 31-September 4, 1993.
504 -Uwaga dot. bibliogr. załącznikowej [ , ]
    • a
    • Uwaga dot. bibliografii załącznikowej
    • Bibliogr. przy referatach.
534 -Uwaga dot. podstawy reprodukcji [ , ]
    • p
    • Określenie wprowadzające
    • Druk cyfrowy, oryg.:
    • c
    • Adres wydawniczy oryginału
    • 1996.
080 -Uniwersalna Klasyfikacja Dziesiętna [ , ]
    • 2
    • Identyfikator wydania tablic
    • UDC-P058
    • 9
    • UKD
    • 2972
    • a
    • Symbol klasyfikacji
    • 330.43
    • b
    • Dopowiedzenie
    • Ekonometria.
    • 4
    • UKD2
    • 7641
    • x
    • Poddział wspólny
    • (061)
    • c
    • Dopowiedzenie poddz. wspólnego
    • (Wydawnictwa odnoszące się do konferencji, zjazdów itd. Sprawozdania z konferencji).
    • 4
    • UKD2
    • 7644
    • x
    • Poddział wspólny
    • =111
    • c
    • Dopowiedzenie poddz. wspólnego
    • =Język angielski.
080 -Uniwersalna Klasyfikacja Dziesiętna [ , ]
    • 2
    • Identyfikator wydania tablic
    • UDC-P058
    • 9
    • UKD
    • 4077
    • a
    • Symbol klasyfikacji
    • 519.86
    • b
    • Dopowiedzenie
    • Teoria modeli matematycznych. Modele sterowania ekonomicznego.
    • 4
    • UKD2
    • 7641
    • x
    • Poddział wspólny
    • (061)
    • c
    • Dopowiedzenie poddz. wspólnego
    • (Wydawnictwa odnoszące się do konferencji, zjazdów itd. Sprawozdania z konferencji).
    • 4
    • UKD2
    • 7644
    • x
    • Poddział wspólny
    • =111
    • c
    • Dopowiedzenie poddz. wspólnego
    • =Język angielski.
980 -Symbol UKD [ , ]
    • a
    • UKD
    • 330.43:519.86](061)=111
700 -Hasło dodatkowe - nazwa osobowa [1, ]
    • a
    • Nazwa osobowa (NP)
    • Barnett, William A. Find
    • e
    • Określenie rodzaju współpracy
    • Red.
    • 9
    • KHW
    • 77980
700 -Hasło dodatkowe - nazwa osobowa [1, ]
    • a
    • Nazwa osobowa (NP)
    • Gandolfo, Giancarlo Find
    • d
    • Daty biograficzne (NP)
    • (1937- ).
    • e
    • Określenie rodzaju współpracy
    • Red.
    • 9
    • KHW
    • 86518
700 -Hasło dodatkowe - nazwa osobowa [1, ]
    • a
    • Nazwa osobowa (NP)
    • Hillinger, Claude Find
    • d
    • Daty biograficzne (NP)
    • (1930- ).
    • e
    • Określenie rodzaju współpracy
    • Red.
    • 9
    • KHW
    • 86519
710 -Hasło dodatkowe - nazwa ciała zbiorowego [2, ]
    • a
    • Nazwa ciała zbiorowego lub nazwa geograficzna jako pierwszy element (NP)
    • Cambridge University Press.
    • 4
    • Kod relacji
    • pbl
    • 9
    • KHW
    • 615085
920 -ISBN [ , ]
    • a
    • ISBN
    • 0-521-46275-4 Find
    • q
    • Dopowiedzenie
    • hc
920 -ISBN [ , ]
    • a
    • ISBN
    • 978-0-521-46275-4 Find
    • q
    • Dopowiedzenie
    • Hardback
920 -ISBN [ , ]
    • a
    • ISBN
    • 978-0-521-17497-8 Find
    • q
    • Dopowiedzenie
    • Paperback
Lokalizacja Data inwentaryzacji Sygnatura Numer inwentarzowy Status udost.
T2014-07-14T.18178T.18178-2